| 000 | 01033nam a2200241 a 4500 | ||
|---|---|---|---|
| 003 | BD-DhJNU | ||
| 005 | 20260218055717.0 | ||
| 008 | 251108s2019 bg |||g |||| 000 1|ben|d | ||
| 020 | _a9843000004149 | ||
| 040 |
_aBD-DhJNU _bben _cBD-DhJNU _dBD-DhJNU |
||
| 041 | _aben | ||
| 082 |
_a958.1 HAA _223 |
||
| 100 | _aহক, মো. ফজলুল | ||
| 245 | 1 | 0 |
_aআফগানিস্তানের ইতিহাস : _bপ্রাচীনকাল থেকে বর্তমান / _cমো. ফজলুল হক |
| 246 | _aAfganistaner itihash: prachinkal theke bortoman | ||
| 250 | _a1st ed. | ||
| 260 |
_aঢাকা : _bফেমাস বুকস্, _c2019. |
||
| 300 |
_a৫০৩ পৃ. : _bচিত্র ; _c২২ সেমি.। |
||
| 504 | _aগ্রন্থপঞ্জিগত নির্দেশিকা ও নিঘন্ট অন্তভূক্ত | ||
| 650 | _aআফগানিস্তানের ইতিহাস | ||
| 650 | _aHistory of Afghanistan | ||
| 942 | _cBK | ||
| 999 |
_c2631 _d2631 |
||